书目信息 |
| 题名: |
食品安全学导论
|
|
| 作者: | 魏益民 主编 ;潘家荣 , 郭波莉 副主编 | |
| 分册: | ||
| 出版信息: | 北京 科学出版社 2009.05 |
|
| 页数: | 202页 | |
| 开本: | 24cm | |
| 丛书名: | 食品质量与安全丛书 | |
| 单 册: | ||
| 中图分类: | R155.5 | |
| 科图分类: | ||
| 主题词: | 食品卫生学--shi pin wei sheng xue | |
| 电子资源: | ||
| ISBN: | 978-7-03-024574-8 | |
| 000 | 01040nam 2200265 450 | |
| 001 | 530477 | |
| 005 | 20100807085837.09 | |
| 010 | @a978-7-03-024574-8@dCNY48.00 | |
| 100 | @a20100515d2009 em y0chi0120 ea | |
| 101 | 0 | @achi |
| 102 | @aCN@b110000 | |
| 105 | @aa z 000yy | |
| 200 | 1 | @a食品安全学导论@Ashi pin an quan xue dao lun@f魏益民主编@Fwei yi min zhu bian@g潘家荣, 郭波莉副主编@Gpan jia rong,guo bo li fu zhu bian |
| 210 | @a北京@c科学出版社@d2009.05 | |
| 215 | @a202页@c图@d24cm | |
| 225 | 2 | @a食品质量与安全丛书@Ashi pin zhi liang yu an quan cong shu |
| 330 | @a本书以联合国粮食及农业组织/世界卫生组织及国际食品法典委员会的相关文件和指南为基础,介绍了食品安全学的基本概念、基本原理、管理原则、基本方法,以及与其他相关学科的关系。 | |
| 410 | 0 | @12001 @a食品质量与安全丛书 |
| 606 | 0 | @a食品卫生学@Ashi pin wei sheng xue |
| 690 | @aR155.5@v4 | |
| 701 | 0 | @a魏益民@Awei yi min@4主编 |
| 702 | 0 | @a潘家荣@Apan jia rong@4副主编 |
| 702 | 0 | @a郭波莉@Aguo bo li@4副主编 |
| 801 | 0 | @aCN@c20100515 |
| 905 | @dR155.5@eW607@f5 | |
| 食品安全学导论/魏益民主编/潘家荣, 郭波莉副主编.-北京:科学出版社,2009.05 |
| 202页:图;24cm.-(食品质量与安全丛书) |
| ISBN 978-7-03-024574-8:CNY48.00 |
| 本书以联合国粮食及农业组织/世界卫生组织及国际食品法典委员会的相关文件和指南为基础,介绍了食品安全学的基本概念、基本原理、管理原则、基本方法,以及与其他相关学科的关系。 |
| ● |
| 相关链接 |
|
|
|
正题名:食品安全学导论
索取号:R155.5/W607
 
预约/预借
| 序号 | 登录号 | 条形码 | 馆藏地/架位号 | 状态 | 备注 |
| 1 | 999446 | 209994461 | 自科库401/401自科库 2排4列4层/ [索取号:R155.5/W607] | 在馆 | |
| 2 | 999447 | 209994470 | 自科库401/401自科库 2排4列4层/ [索取号:R155.5/W607] | 在馆 | |
| 3 | 999448 | 209994489 | 自科库401/401自科库 2排4列4层/ [索取号:R155.5/W607] | 在馆 | |
| 4 | 999449 | 209994498 | 自科库401/401自科库 2排4列4层/ [索取号:R155.5/W607] | 在馆 | |
| 5 | 999450 | 209994504 | 自科库401/401自科库 2排4列4层/ [索取号:R155.5/W607] | 在馆 |